=LDR 00000nam 2200000 4500 =001 INLIS000000000023489 =005 20130612122141 =008 ***********************************Ind** =035 ##$$0010-061300000023489 =041 ##$$a Ind =082 ##$$a 510.76 =090 ##$$a 510.76, Ide-b =100 ##$$a Idel, Antoni =245 ##$$a Buklu pintar matematika untuk SMP, Drs.Antoni Idel, Drs. Rdy Haryono =260 ##$$a (19...) $b Surabaya =300 ##$$a x, 182 hlm., ilus., 21 cm =650 ##$$a Matematika SMP =850 ##$$a NBPNMAT